000 00750nam a22002535i 4500
001 10586
003 ES-MaACL
005 20260423180005.0
007 t|
008 920114s1991 sp ||||0| baq j
020 _a84-7522-250-1
040 _aM-BN
_bspa
_cM-BN
080 _a891.69-14"19"
100 1 _aAtxaga, Bernardo,
_d1951-
_9243020
245 1 0 _aPoemas & híbridos /
_cBernardo Atxaga ; selección y versiones del propio autor (1974-1989).
250 _a[2ª ed.].
260 _aMadrid :
_bVisor Libros,
_c1991.
300 _a117 p ;
_c20 cm.
490 1 _aColección Visor de poesía ;
_v250
830 0 _aColección Visor de poesía
_v250
_9177331
852 _aES-MaACL
_jL-17955
_bR.123487
999 _c10586
_d10586